Bandeiras dos Países e Estados soberanos na década de 1950 - Statistics

Estatísticas Gerais
  • Esse quiz foi jogado 23 vezes
  • A pontuação média é 81 de 105
Estatísticas das Respostas
Imagem Resposta % Correto
Andorra
100%
Australia
100%
Bélgica
100%
Dinamarca
100%
Finlândia
100%
Islândia
100%
Nova Zelândia
100%
Reino Unido
100%
Suécia
100%
Suíça
100%
Afeganistão
89%
Alemanha Ocidental
89%
Alemanha Oriental
89%
Arábia Saudita
89%
Argentina
89%
Áustria
89%
Brasil
89%
Butão
89%
Camboja
89%
Ceilão
89%
Chile
89%
China
89%
Colômbia
89%
Coreia do Norte
89%
Coreia do Sul
89%
Cuba
89%
El Salvador
89%
Equador
89%
Estados Unidos
89%
Filipinas
89%
França
89%
Gana
89%
haiti
89%
Honduras
89%
Índia
89%
Indonésia
89%
Irlanda
89%
Israel
89%
Itália
89%
Japão
89%
Jordânia
89%
Líbano
89%
Liechtenstein
89%
Luxemburgo
89%
Malásia
89%
Marrocos
89%
México
89%
Mônaco
89%
Nepal
89%
Nicarágua
89%
Noruega
89%
Países Baixos
89%
Panamá
89%
Paquistão
89%
Paraguai
89%
Peru
89%
Polônia
89%
Portugal
89%
República Dominicana
89%
Republica Popular da Búlgaria
89%
República Popular da Hungria
89%
República Popular da Mongólia
89%
República Popular Socialista Da Albânia
89%
San Marino
89%
Tailândia
89%
Taiwan
89%
Tunísia
89%
Turquia
89%
União Soviética
89%
Uruguai
89%
Vaticano
89%
Venezuela
89%
Vietna
89%
Bolívia
78%
Costa Rica
78%
Egito
78%
Espanha
78%
Guatemala
78%
Libéria
78%
Líbia
78%
Tchecoslováquia
78%
Guiné
67%
Iugoslávia
67%
Palestina
67%
República Popular da Romênia
67%
Síria
67%
Império Etíope
56%
Tibete
56%
Canada
44%
Irã
44%
Iraque
44%
União Sul Africana
33%
Birmânia
22%
Grécia
22%
Laos
22%
República Árabe Unida
22%
Sudão
22%
Sultanato de Muscat e Omã
22%
Trieste
22%
Vietna do Sul
22%
Federação Árabe
11%
Ilhas Suvadivas
11%
Reino de Siquim
11%
Reino do Iemen
11%
República das Malucas do Sul
11%
Nenhum quiz correspondente encontrado
Distribuição das Pontuações
Porcentagem de Pessoas com Cada Pontuação
Percentil de Números Respondidos
Sua Pontuação Histórica
Você não jogou esse quiz